000 00308nam a2200109Ia 4500
005 20251222154419.0
008 251222s9999||||xx |||||||||||||| ||spa||
082 _a970.015/S21
100 _a"Sanz, RicardoDel Olmo, Margarita"
245 0 _aNacimiento y vida del noble castellano Cristobal Colón
942 _cLIB
999 _c35962
_d35962